[Event "Tournament 14471 - Europe Echecs"]
[Site "Europe Echecs"]
[Date "2020.07.09"]
[Round "7"]
[Time "17:17:11"]
[PlyCount "166"]
[White "DelageKenael"]
[Black "CourjalJuliett"]
[WhiteElo "1223"]
[BlackElo "1388"]
[Mode "WEB"]
[Result "1-0"]

1. e4 e5 2. Nf3 Nc6 3. d4 exd4 4. Nxd4 Nf6 5. Nxc6 bxc6 6. Bd3 d5 7. Nd2 Be6 8.
O-O Bd6 9. b3 O-O 10. Bb2 Nd7 11. Qh5 h6 12. e5 Be7 13. Nf3 c5 14. Rac1 d4 15.
c3 Bd5 16. cxd4 Bxf3 17. Qxf3 cxd4 18. Bxd4 Bg5 19. Rc2 Re8 20. Be4 Rc8 21. Bb7
Rb8 22. Bxa7 Nxe5 23. Qe4 Nd3 24. Qf3 Ne5 25. Qe4 Nd3 26. Qc6 Ne5 27. Qxc7 Qxc7
28. Rxc7 Rbd8 29. Bb6 Bf4 30. Rc5 Rb8 31. Bc6 Rec8 32. Ba7 Rb4 33. Rb5 Nxc6 34.
Rxb4 Nxb4 35. a3 Nc6 36. Bc5 Rb8 37. b4 Be5 38. Rb1 Ra8 39. b5 Na5 40. b6 Rd8
41. g3 Nc4 42. b7 Na5 43. Ba7 Nc6 44. Bb6 Rb8 45. Bc5 Na5 46. Ba7 Rxb7 47. Rxb7
Nxb7 48. a4 Nd6 49. a5 Nc4 50. a6 Na5 51. Bb6 Nc6 52. a7 Nxa7 53. Bxa7 Kh7 54.
f4 Bd4+ 55. Bxd4 g6 56. h4 h5 57. Bf6 Kg8 58. Bg5 Kf8 59. Kf2 Ke8 60. Ke3 f5 61.
Kd4 Kf7 62. Ke5 Kg7 63. Ke6 Kh7 64. Kf6 Kh8 65. Kxg6 Kg8 66. Kxf5 Kh8 67. Kg6
Kg8 68. Kxh5 Kh8 69. f5 Kg8 70. f6 Kf8 71. Kg6 Kg8 72. f7+ Kf8 73. Bh6+ Ke7 74.
f8=Q+ Ke6 75. Qf6+ Kd5 76. Qe7 Kd4 77. Qe6 Kd3 78. Qe5 Kc2 79. Qd4 Kb1 80. Qc3
Ka2 81. Qb4 Ka1 82. Bg7+ Ka2 83. Qb2# {CourjalJuliett est échec et mat} 1-0

[Event "Tournament 14471 - Europe Echecs"]
[Site "Europe Echecs"]
[Date "2020.07.09"]
[Round "7"]
[Time "17:17:11"]
[PlyCount "55"]
[White "PenarrubiaMaxi"]
[Black "DarrortNahia"]
[WhiteElo "1380"]
[BlackElo "1263"]
[Mode "WEB"]
[Result "0-1"]

1. e4 c5 2. Nf3 d6 3. c3 Nf6 4. d4 cxd4 5. cxd4 Nxe4 6. Bd3 Nf6 7. O-O g6 8. Bf4
Bg7 9. Re1 O-O 10. Qb3 Nbd7 11. Nc3 b6 12. Nd5 Nxd5 13. Qxd5 Rb8 14. Rac1 Bb7
15. Qc4 Bxf3 16. gxf3 Nf6 17. Qc7 Qxc7 18. Rxc7 Nd5 19. Rxa7 Nxf4 20. Raxe7 Nxd3
21. R1e2 Bxd4 22. Rd2 Bf6 23. Rd7 Nxb2 24. R7xd6 Nc4 25. Rxf6 Nxd2 26. Rd6 Nxf3+
27. Kg2 Ng5 {PenarrubiaMaxi a abandonné} 0-1

[Event "Tournament 14471 - Europe Echecs"]
[Site "Europe Echecs"]
[Date "2020.07.09"]
[Round "7"]
[Time "17:17:11"]
[PlyCount "85"]
[White "BataillePaul"]
[Black "ThibousLeo"]
[WhiteElo "1198"]
[BlackElo "1380"]
[Mode "WEB"]
[Result "0-1"]

1. e4 Nf6 2. e5 Nd5 3. d4 Nc6 4. c4 Nb6 5. Nf3 d6 6. exd6 cxd6 7. d5 Ne5 8. Nxe5
dxe5 9. Nc3 g6 10. Be2 Bg7 11. O-O O-O 12. Bg4 Bxg4 13. Qxg4 f5 14. Qe2 Rc8 15.
b3 e4 16. Bb2 a6 17. Rac1 Qd6 18. f3 exf3 19. Rxf3 Rfe8 20. Rh3 e5 21. Nd1 e4
22. Bxg7 Kxg7 23. Qe3 Nd7 24. Qh6+ Kf6 25. Qxh7 Rh8 26. Qxh8+ Rxh8 27. Rxh8 Qf4
28. Rb1 e3 29. Re8 Ne5 30. Rb2 Qd4 31. Rb1 e2+ 32. Nf2 Qc3 33. Nd3 Qxd3 34. Kf2
Qxb1 35. Kxe2 Qd3+ 36. Kf2 Ng4+ 37. Ke1 Qb1+ 38. Ke2 Qc2+ 39. Ke1 Nf2 40. Re2
Nd3+ 41. Kf1 Qd1+ 42. Re1 Qxe1# {BataillePaul est échec et mat} 0-1

[Event "Tournament 14471 - Europe Echecs"]
[Site "Europe Echecs"]
[Date "2020.07.09"]
[Round "7"]
[Time "17:17:11"]
[PlyCount "96"]
[White "LevyTheo"]
[Black "SurninZoya"]
[WhiteElo "1375"]
[BlackElo "1192"]
[Mode "WEB"]
[Result "1-0"]

1. Nf3 Nc6 2. g3 e5 3. d3 Nf6 4. Bg2 d5 5. O-O h6 6. Nbd2 Bd6 7. c4 Be6 8. a3
O-O 9. b4 a6 10. Bb2 dxc4 11. Nxc4 Qd7 12. Ncxe5 Nxe5 13. Nxe5 Qb5 14. Nf3 a5
15. Nd4 Qb6 16. b5 Be5 17. Nxe6 Qxe6 18. Bxe5 Qxe5 19. Bxb7 Rab8 20. Bc6 Qh5 21.
Kg2 Ng4 22. h3 Ne5 23. e4 Qxd1 24. Rfxd1 Nxc6 25. bxc6 Rb6 26. Rdc1 Re8 27. Kf3
Re6 28. Rc5 Ra6 29. Rac1 Kf8 30. d4 Rf6+ 31. Ke3 g5 32. e5 Re6 33. Ke4 Ke7 34.
d5 Rg6 35. Rb1 Ra7 36. Rb7 Rxb7 37. cxb7 Rg8 38. Rxc7+ Kf8 39. Rc8+ Kg7 40.
Rxg8+ Kxg8 41. b8=Q+ Kg7 42. Qa7 Kg8 43. Qxa5 Kg7 44. Kf5 Kg8 45. Kf6 g4 46.
Qd8+ Kh7 47. Qf8 h5 48. Qg7# {SurninZoya est échec et mat} 1-0

[Event "Tournament 14471 - Europe Echecs"]
[Site "Europe Echecs"]
[Date "2020.07.09"]
[Round "7"]
[Time "17:17:11"]
[PlyCount "75"]
[White "DoucetPierreAl"]
[Black "GutcakiDaniil"]
[WhiteElo "1177"]
[BlackElo "1373"]
[Mode "WEB"]
[Result "0-1"]

1. e4 d5 2. exd5 Qxd5 3. Nc3 Qa5 4. Nf3 Nf6 5. d4 c6 6. Be3 Bg4 7. Bc4 Nbd7 8.
h3 Bh5 9. g4 Bg6 10. Qd2 e6 11. O-O-O Bb4 12. Ne5 Ne4 13. Qe1 Nxc3 14. bxc3 Bxc3
15. Bd2 Bxd2+ 16. Qxd2 Qxd2+ 17. Rxd2 Nxe5 18. dxe5 O-O 19. h4 Rad8 20. Rxd8
Rxd8 21. h5 Be4 22. Re1 Bf3 23. Re3 Rd1+ 24. Kb2 Bxg4 25. h6 g6 26. Rb3 b5 27.
Bd3 Re1 28. Rc3 Bf3 29. Ra3 Rxe5 30. Rxa7 Kf8 31. Rb7 Rh5 32. Ra7 Rxh6 33. Rc7
Rh2 34. Rc8+ Ke7 35. Rh8 Kf6 36. Rc8 Rxf2 37. Rc7 h5 {DoucetPierreAl a abandonné} 0-1

[Event "Tournament 14471 - Europe Echecs"]
[Site "Europe Echecs"]
[Date "2020.07.09"]
[Round "7"]
[Time "17:17:11"]
[PlyCount "80"]
[White "CarrollAlden"]
[Black "KouamMaelis"]
[WhiteElo "1370"]
[BlackElo "1182"]
[Mode "WEB"]
[Result "1-0"]

1. Nf3 d5 2. d4 Nf6 3. Bf4 c5 4. c4 cxd4 5. cxd5 Nxd5 6. Bg3 Nc6 7. Nxd4 Bf5 8.
Nxf5 Ndb4 9. Nc3 g6 10. Qxd8+ Rxd8 11. Ne3 Nd4 12. Rc1 Bg7 13. a3 Nbc6 14. Ned5
O-O 15. e3 Nb3 16. Rd1 e6 17. Nf4 Rxd1+ 18. Kxd1 Rd8+ 19. Kc2 Nca5 20. Nd3 Rc8
21. Nb4 Rd8 22. Bd3 f5 23. Bc7 Rd7 24. Bxa5 Nxa5 25. Bb5 Rd8 26. Rd1 Rxd1 27.
Kxd1 a6 28. Bd7 e5 29. Nbd5 Nc4 30. Nf6+ Bxf6 31. Be6+ Kg7 32. Bxc4 b5 33. Be2
e4 34. Kc2 Kf7 35. a4 bxa4 36. Bxa6 Ke6 37. Nxa4 Kd5 38. Nc3+ Kc5 39. Be2 Kb4
40. Nd5+ {KouamMaelis a abandonné} 1-0

[Event "Tournament 14471 - Europe Echecs"]
[Site "Europe Echecs"]
[Date "2020.07.09"]
[Round "7"]
[Time "17:17:11"]
[PlyCount "153"]
[White "NegreMaxime"]
[Black "OumerWalid"]
[WhiteElo "1105"]
[BlackElo "1365"]
[Mode "WEB"]
[Result "1/2-1/2"]

1. e4 c5 2. Nf3 d6 3. d4 cxd4 4. Nxd4 Nf6 5. Nc3 a6 6. Nf3 Nc6 7. Bd3 e5 8. Bg5
Be7 9. Qd2 O-O 10. O-O Be6 11. h3 Rc8 12. Ne2 b6 13. c3 b5 14. Ng3 d5 15. Bxf6
Bxf6 16. exd5 Bxd5 17. Be2 Be6 18. Qc2 Nb4 19. Qb1 Nd5 20. Bd3 h6 21. Rd1 Qc7
22. Re1 Nf4 23. Bh7+ Kh8 24. Bf5 Bxf5 25. Qxf5 Rfe8 26. Re4 Re7 27. Rae1 Rce8
28. Nf1 Qd6 29. R4e3 g6 30. Qc2 Bg7 31. N1d2 f5 32. Nb3 e4 33. Nfd2 Nd3 34. Rd1
Qb6 35. Nc1 Nxc1 36. Qxc1 Rd7 37. Nb3 Rxd1+ 38. Qxd1 Rd8 39. Qe2 Qd6 40. Qe1 Qd1
41. Kf1 Qxe1+ 42. Kxe1 Kg8 43. Nc5 Rd6 44. Ke2 Kf7 45. f3 exf3+ 46. Kxf3 g5 47.
Nb7 Rb6 48. Nc5 Rc6 49. Nd7 Re6 50. Rxe6 Kxe6 51. Nc5+ Ke5 52. Nxa6 h5 53. g4
hxg4+ 54. hxg4 f4 55. Nb4 Kd6 56. Ke4 Bf8 57. Nd3 Ke6 58. b3 Bd6 59. c4 bxc4 60.
bxc4 Bc7 61. a4 Ba5 62. Nc5+ Ke7 63. Kf5 Bb4 64. Ne4 f3 65. Kxg5 Be1 66. Kf4 f2
67. Ng3 Kf6 68. c5 Ke6 69. g5 Bd2+ 70. Kf3 Bxg5 71. Kxf2 Be7 72. Ne4 Kd5 73. a5
Bxc5+ 74. Nxc5 Kxc5 75. a6 Kb6 76. a7 Kxa7 {Aucun joueur n'a le mat&eacute;riel pour mater} 1/2-1/2

[Event "Tournament 14471 - Europe Echecs"]
[Site "Europe Echecs"]
[Date "2020.07.09"]
[Round "7"]
[Time "17:17:11"]
[PlyCount "57"]
[White "Cadilhacseffin"]
[Black "BaderAntoine"]
[WhiteElo "1045"]
[BlackElo "1330"]
[Mode "WEB"]
[Result "0-1"]

1. e4 e5 2. Nf3 Nc6 3. Bc4 Bc5 4. O-O Nf6 5. Re1 O-O 6. c3 b6 7. d4 exd4 8. cxd4
Bb4 9. Bd2 Bxd2 10. Qxd2 Bb7 11. Nc3 Ne7 12. e5 Nfd5 13. Qg5 Nxc3 14. bxc3 Bxf3
15. gxf3 Ng6 16. Qh5 Qh4 17. Qg4 Rad8 18. Re4 Qe7 19. Qh5 Kh8 20. Bd3 h6 21. Rg4
Qe6 22. Bxg6 fxg6 23. Rxg6 Qf7 24. Kh1 Qxf3+ 25. Rg2 Qxh5 26. Rag1 Qf3 27. h4
Rf4 28. Kh2 Rxh4# {Cadilhacseffin est échec et mat} 0-1

[Event "Tournament 14471 - Europe Echecs"]
[Site "Europe Echecs"]
[Date "2020.07.09"]
[Round "7"]
[Time "17:17:11"]
[PlyCount "116"]
[White "MendozaMael"]
[Black "AlunniBagarell"]
[WhiteElo "1451"]
[BlackElo "1214"]
[Mode "WEB"]
[Result "1-0"]

1. e4 e6 2. Nf3 d5 3. exd5 exd5 4. d4 Qe7+ 5. Be2 Bg4 6. O-O Nc6 7. h3 Bxf3 8.
Bxf3 O-O-O 9. c3 Nf6 10. b4 h5 11. a4 g5 12. Bxg5 Bh6 13. Re1 Qd6 14. Bxf6 Qxf6
15. Bxh5 Bg5 16. Bg4+ Kb8 17. Qf3 Qxf3 18. Bxf3 Ne7 19. Ra2 Rd6 20. Rae2 Re8 21.
g3 Rh6 22. h4 Bf6 23. Bxd5 Rh7 24. Be4 Rg7 25. Nd2 Bxh4 26. Bg2 Bf6 27. Nc4 a6
28. Ne5 Bxe5 29. Rxe5 f6 30. R5e3 Ka7 31. Bh3 f5 32. Bxf5 Rf8 33. Rxe7 Rxe7 34.
Rxe7 Rxf5 35. Rxc7 Rf3 36. Kf1 Kb8 37. Ke2 Rf6 38. Re7 Rc6 39. Kd3 b5 40. axb5
axb5 41. Re5 Rb6 42. f4 Kb7 43. f5 Ka6 44. g4 Rh6 45. Re6+ Rxe6 46. fxe6 Kb6 47.
e7 Ka6 48. e8=Q Kb6 49. Qc8 Ka7 50. Qc5+ Ka6 51. Qc6+ Ka7 52. Qxb5 Ka8 53. g5
Ka7 54. g6 Ka8 55. g7 Ka7 56. Qa5+ Kb7 57. g8=Q Kc6 58. Qgd5# {AlunniBagarell est échec et mat} 1-0

[Event "Tournament 14471 - Europe Echecs"]
[Site "Europe Echecs"]
[Date "2020.07.09"]
[Round "7"]
[Time "17:17:11"]
[PlyCount "40"]
[White "CombaudonCypri"]
[Black "DibyJulien"]
[WhiteElo "1437"]
[BlackElo "1205"]
[Mode "WEB"]
[Result "1-0"]

1. e4 e6 2. d4 d5 3. Nc3 Nf6 4. exd5 exd5 5. Nf3 Bg4 6. Be2 Bd6 7. h3 Bh5 8. O-O
Nc6 9. Bg5 Qe7 10. Re1 O-O-O 11. Nh2 h6 12. Bxh5 Qd7 13. Bxf6 gxf6 14. Nxd5
Bxh2+ 15. Kxh2 Qxd5 16. c3 Rhe8 17. Qg4+ Re6 18. Bxf7 Qd6+ 19. g3 Nxd4 20. cxd4 {DibyJulien a abandonné} 1-0

[Event "Tournament 14471 - Europe Echecs"]
[Site "Europe Echecs"]
[Date "2020.07.09"]
[Round "7"]
[Time "17:17:11"]
[PlyCount "22"]
[White "PiquardYarosla"]
[Black "BarbasStojicev"]
[WhiteElo "1415"]
[BlackElo "1150"]
[Mode "WEB"]
[Result "1-0"]

1. e4 e5 2. Nf3 Nc6 3. Bc4 Nf6 4. Ng5 d5 5. exd5 Nxd5 6. Nxf7 Kxf7 7. Qf3+ Qf6
8. Bxd5+ Be6 9. Qxf6+ Kxf6 10. Bxc6 bxc6 11. Nc3 {BarbasStojicev a abandonné} 1-0

[Event "Tournament 14471 - Europe Echecs"]
[Site "Europe Echecs"]
[Date "2020.07.09"]
[Round "7"]
[Time "17:17:11"]
[PlyCount "51"]
[White "FaidoliYannis"]
[Black "MohamedKeziah"]
[WhiteElo "1333"]
[BlackElo "1139"]
[Mode "WEB"]
[Result "0-1"]

1. e4 c5 2. c3 Nf6 3. e5 Nd5 4. d4 cxd4 5. cxd4 d6 6. exd6 Qxd6 7. Bc4 Be6 8.
Nf3 Nc6 9. O-O g6 10. Re1 Bg7 11. Be3 O-O 12. Nc3 Nxc3 13. bxc3 Bxc4 14. Ng5 Bd5
15. Qg4 e6 16. Qh4 h5 17. g4 f6 18. Nh3 Kf7 19. Rab1 b6 20. gxh5 Rh8 21. hxg6+
Kxg6 22. Qg4+ Kf7 23. Bf4 Qe7 24. Be3 Rag8 25. Qf4 Rxh3 {FaidoliYannis a perdu au temps} 0-1

[Event "Tournament 14471 - Europe Echecs"]
[Site "Europe Echecs"]
[Date "2020.07.09"]
[Round "7"]
[Time "17:17:11"]
[PlyCount "78"]
[White "KurenkovAndrey"]
[Black "DebiasSaidAdri"]
[WhiteElo "1322"]
[BlackElo "1125"]
[Mode "WEB"]
[Result "1-0"]

1. e4 c6 2. d4 d5 3. exd5 cxd5 4. Nf3 Nc6 5. Nc3 Bg4 6. Be2 Nf6 7. Be3 e6 8. h3
Bh5 9. Qd2 Bb4 10. a3 Ne4 11. Qd3 Bxc3+ 12. bxc3 Qa5 13. O-O Qxc3 14. Qb5 Rb8
15. Ne5 Bxe2 16. Qxe2 Nxe5 17. dxe5 O-O 18. Bxa7 Ra8 19. Be3 Rxa3 20. Rxa3 Qxa3
21. Qb5 Qc3 22. Qxb7 Qxe5 23. Rd1 Rb8 24. Qc6 h6 25. Bd4 Qd6 26. Qa4 e5 27. Ba1
d4 28. f3 Nc5 29. Qa7 Qb6 30. Qe7 Rb7 31. Qxe5 Ne6 32. Kh1 Rd7 33. Qe2 f5 34.
Bxd4 Nxd4 35. Qe8+ Kh7 36. Qxd7 Ne2 37. Qxf5+ g6 38. Rd7+ Kh8 39. Qf8# {DebiasSaidAdri est échec et mat} 1-0

[Event "Tournament 14471 - Europe Echecs"]
[Site "Europe Echecs"]
[Date "2020.07.09"]
[Round "7"]
[Time "17:17:11"]
[PlyCount "90"]
[White "PommereulMathi"]
[Black "NavilleLea"]
[WhiteElo "1264"]
[BlackElo "1288"]
[Mode "WEB"]
[Result "1-0"]

1. e4 d5 2. exd5 Qxd5 3. Nc3 Qa5 4. Nf3 Nf6 5. d4 c6 6. Bc4 Bg4 7. O-O e6 8. Be2
Nbd7 9. Bg5 Bxf3 10. Bxf6 Bxe2 11. Qxe2 Nxf6 12. Rfe1 Bd6 13. a3 Qg5 14. Ne4
Nxe4 15. Qxe4 Qh5 16. g3 Ke7 17. c4 Qg6 18. Qe3 h5 19. d5 cxd5 20. cxd5 h4 21.
dxe6 Qxe6 22. Qg5+ f6 23. Rxe6+ Kxe6 24. Qxg7 hxg3 25. Qg4+ f5 26. Qg6+ Kd7 27.
Qxf5+ Kc7 28. Rc1+ Kd8 29. Rd1 Kc7 30. Qc2+ Kd7 31. fxg3 Rac8 32. Qf5+ Kc7 33.
Rc1+ Kb6 34. Rxc8 Rxc8 35. Qxc8 Bc5+ 36. Kg2 Bd4 37. h4 Bxb2 38. h5 Bxa3 39. h6
Bb2 40. Qe6+ Kc7 41. h7 a6 42. Qe7+ Kc6 43. Qe8+ Kc7 44. h8=Q Bxh8 45. Qxh8 {NavilleLea a abandonné} 1-0

[Event "Tournament 14471 - Europe Echecs"]
[Site "Europe Echecs"]
[Date "2020.07.09"]
[Round "7"]
[Time "17:17:11"]
[PlyCount "78"]
[White "ComtePanicautJ"]
[Black "TrogerEmma"]
[WhiteElo "1265"]
[BlackElo "1122"]
[Mode "WEB"]
[Result "1-0"]

1. e4 d6 2. Nc3 Nf6 3. Nf3 g6 4. d4 Bg7 5. Be3 O-O 6. Bd3 b6 7. O-O c5 8. dxc5
dxc5 9. e5 Nfd7 10. Be4 Nc6 11. Bxc6 Rb8 12. Bxd7 Bxd7 13. Qd2 Qc7 14. Bh6 Rbd8
15. Bxg7 Kxg7 16. Qg5 f6 17. exf6+ exf6 18. Qg3 Qxg3 19. fxg3 Rfe8 20. Rfe1 Bc6
21. Rxe8 Rxe8 22. Re1 Rxe1+ 23. Nxe1 a5 24. Kf2 b5 25. Nf3 b4 26. Ne2 g5 27. Ke3
Kf7 28. c3 Ke6 29. cxb4 cxb4 30. Ned4+ Kd5 31. Nxc6 Kxc6 32. Kd4 Kb5 33. h4 g4
34. Nd2 h6 35. Ne4 f5 36. Nd6+ Ka4 37. Nxf5 h5 38. Kc4 b3 39. axb3# {TrogerEmma est échec et mat} 1-0

[Event "Tournament 14471 - Europe Echecs"]
[Site "Europe Echecs"]
[Date "2020.07.09"]
[Round "7"]
[Time "17:17:11"]
[PlyCount "110"]
[White "CaullychurnEth"]
[Black "CoindreauElsa"]
[WhiteElo "1125"]
[BlackElo "1248"]
[Mode "WEB"]
[Result "1-0"]

1. c4 e5 2. e3 Nc6 3. d4 exd4 4. exd4 d5 5. Nf3 Bg4 6. h3 Bxf3 7. gxf3 dxc4 8.
d5 Ne5 9. f4 Ng6 10. Qa4+ Qd7 11. Qxd7+ Kxd7 12. Bxc4 Bb4+ 13. Bd2 Bxd2+ 14.
Nxd2 Nxf4 15. O-O-O Rd8 16. Ne4 Kc8 17. d6 Rd7 18. dxc7 Kxc7 19. Rxd7+ Kxd7 20.
Rd1+ Kc6 21. Bxf7 Nxh3 22. Rd8 Kc7 23. Rxg8 Rxg8 24. Bxg8 Nf4 25. Bxh7 Ne2+ 26.
Kd2 Nd4 27. Ke3 Nc2+ 28. Kf4 Kc6 29. f3 Nb4 30. a3 Nd5+ 31. Kf5 Ne3+ 32. Kg5 Kd5
33. Nc3+ Ke5 34. f4+ Ke6 35. f5+ Kf7 36. Bg6+ Ke7 37. Bh5 a6 38. Bf3 b6 39. Nd5+
Nxd5 40. Bxd5 b5 41. Kg6 a5 42. Kxg7 Kd6 43. f6 Kxd5 44. f7 Kd4 45. f8=Q Kc4 46.
Qf4+ Kb3 47. Qd2 Ka2 48. Qxa5 Kxb2 49. Qb4+ Ka2 50. Kf6 Ka1 51. Qxb5 Ka2 52. Ke5
Kxa3 53. Kd4 Ka2 54. Kc3 Ka1 55. Qb2# {CoindreauElsa est échec et mat} 1-0

[Event "Tournament 14471 - Europe Echecs"]
[Site "Europe Echecs"]
[Date "2020.07.09"]
[Round "7"]
[Time "17:17:11"]
[PlyCount "50"]
[White "NezosiConstant"]
[Black "BocheMathis"]
[WhiteElo "1458"]
[BlackElo "1099"]
[Mode "WEB"]
[Result "1-0"]

1. d4 e6 2. e4 d5 3. Nc3 Nf6 4. e5 Nfd7 5. Nf3 c5 6. Bb5 a6 7. Bxd7+ Bxd7 8. O-O
Nc6 9. Be3 Be7 10. dxc5 O-O 11. a3 Qc7 12. Bf4 Qa5 13. b4 Qd8 14. Na4 Nxe5 15.
Bxe5 Bxa4 16. Qd4 f6 17. Bg3 e5 18. Qd2 d4 19. Nh4 b6 20. cxb6 Qxb6 21. Nf5 Qb7
22. Qe2 Rfe8 23. Qg4 Bf8 24. Bh4 Qf7 25. Nh6+ {BocheMathis a abandonné} 1-0

[Event "Tournament 14471 - Europe Echecs"]
[Site "Europe Echecs"]
[Date "2020.07.09"]
[Round "7"]
[Time "17:17:11"]
[PlyCount "35"]
[White "MoussaNicolas"]
[Black "YaghiLeen"]
[WhiteElo "1102"]
[BlackElo "1438"]
[Mode "WEB"]
[Result "0-1"]

1. e4 c5 2. Nf3 e6 3. d4 cxd4 4. Nxd4 a6 5. Nc3 Qc7 6. Bd3 Nf6 7. O-O Be7 8. g3
d6 9. Bg5 b5 10. Re1 Bb7 11. Qf3 Nbd7 12. Bxf6 Bxf6 13. Qg4 Bxd4 14. Ne2 Bxb2
15. Rab1 Bf6 16. Rbd1 Ne5 17. Qf4 Bg5 {MoussaNicolas a abandonné} 0-1

[Event "Tournament 14471 - Europe Echecs"]
[Site "Europe Echecs"]
[Date "2020.07.09"]
[Round "7"]
[Time "17:17:11"]
[PlyCount "46"]
[White "PernotMael"]
[Black "MilaGabriel"]
[WhiteElo "1407"]
[BlackElo "1096"]
[Mode "WEB"]
[Result "1-0"]

1. e4 c5 2. d4 cxd4 3. c3 dxc3 4. Nxc3 g6 5. Nf3 Bg7 6. Qb3 Nc6 7. Bc4 e6 8. Bf4
Nge7 9. Bb5 Nd4 10. Nxd4 Bxd4 11. Qc4 Bg7 12. Bc7 Bxc3+ 13. Qxc3 Nd5 14. Qxh8+
Ke7 15. Bxd8+ Kd6 16. Qf8+ Ke5 17. exd5 Kxd5 18. O-O-O+ Ke5 19. Qd6+ Kf5 20.
Bd3+ Kg4 21. h3+ Kh5 22. Be2+ Kh6 23. Qf8# {MilaGabriel est échec et mat} 1-0

[Event "Tournament 14471 - Europe Echecs"]
[Site "Europe Echecs"]
[Date "2020.07.09"]
[Round "7"]
[Time "17:17:11"]
[PlyCount "63"]
[White "GilliotCorenti"]
[Black "BoucaudViallar"]
[WhiteElo "1051"]
[BlackElo "1329"]
[Mode "WEB"]
[Result "0-1"]

1. d4 d5 2. c4 dxc4 3. e3 Nf6 4. Nc3 Nc6 5. Bxc4 Bf5 6. Nf3 e6 7. O-O h5 8. Re1
h4 9. h3 Bd6 10. e4 Bg6 11. e5 Bh5 12. exd6 Qxd6 13. Ne4 Nxe4 14. Rxe4 O-O-O 15.
Rxh4 f6 16. Be3 g5 17. Re4 g4 18. Rxe6 Qf8 19. Nh2 gxh3 20. g3 Bxd1 21. Rxd1 Na5
22. b3 Qg7 23. Re4 Qg6 24. Rg4 Qf5 25. Bd3 Qd5 26. Be4 Qe6 27. f3 f5 28. Bxf5
Qxf5 29. Rf4 Qg5 30. Re1 Qxg3+ 31. Kh1 Qg2# {GilliotCorenti est échec et mat} 0-1

[Event "Tournament 14471 - Europe Echecs"]
[Site "Europe Echecs"]
[Date "2020.07.09"]
[Round "7"]
[Time "17:17:11"]
[PlyCount "97"]
[White "RoubaudLouisAl"]
[Black "BrunEmilie"]
[WhiteElo "1101"]
[BlackElo "1320"]
[Mode "WEB"]
[Result "0-1"]

1. d4 Nf6 2. Nf3 d5 3. e3 e6 4. Bd3 Be7 5. Nbd2 c5 6. b3 Nc6 7. Bb2 b6 8. Ne5
Bb7 9. f4 cxd4 10. exd4 Nd7 11. Ndf3 f6 12. Nxd7 Qxd7 13. O-O O-O 14. c4 dxc4
15. bxc4 Qd6 16. Qd2 Rfd8 17. Rfe1 e5 18. fxe5 fxe5 19. Nxe5 Nxd4 20. Bxd4 Qxd4+
21. Kh1 Bf6 22. Rad1 Bxe5 23. Rxe5 Qxe5 24. Qf2 Rf8 25. Qg3 Qxg3 26. hxg3 Rf2
27. Rg1 Raf8 28. c5 bxc5 29. Bc4+ Kh8 30. Kh2 Rc2 31. Bd3 Rxa2 32. g4 Rff2 33.
Bf1 Bxg2 34. Bxg2 Rxg2+ 35. Rxg2 Rxg2+ 36. Kxg2 a5 37. Kf1 a4 38. Ke1 a3 39. Kd1
a2 40. Kc2 a1=Q 41. Kd3 Qd4+ 42. Ke2 c4 43. Ke1 c3 44. Kf1 c2 45. Kg2 c1=Q 46.
Kh3 Qf1+ 47. Kh4 Qdf4 48. Kh5 Qh1# {RoubaudLouisAl est échec et mat} 0-1

[Event "Tournament 14471 - Europe Echecs"]
[Site "Europe Echecs"]
[Date "2020.07.09"]
[Round "7"]
[Time "17:17:11"]
[PlyCount "52"]
[White "SwietlikNicola"]
[Black "BoyerJohnLucas"]
[WhiteElo "1065"]
[BlackElo "1266"]
[Mode "WEB"]
[Result "1-0"]

1. e4 e5 2. Nf3 Nc6 3. d4 exd4 4. Nxd4 Bc5 5. Be3 Bxd4 6. Bxd4 d6 7. Bxg7 Nf6 8.
Bxh8 Bg4 9. f3 Be6 10. Bxf6 Qxf6 11. Nc3 O-O-O 12. Qd2 Nb4 13. a3 Nc6 14. O-O-O
h5 15. Bb5 Bd7 16. Bxc6 Bxc6 17. Rhe1 Qe6 18. Nd5 f6 19. Qa5 Qd7 20. Qxa7 b6 21.
Qa6+ Bb7 22. Qc4 Qf7 23. Nxb6+ Kb8 24. Qxf7 Ka7 25. Qxc7 Rg8 26. Rd4 {BoyerJohnLucas a abandonné} 1-0

[Event "Tournament 14471 - Europe Echecs"]
[Site "Europe Echecs"]
[Date "2020.07.09"]
[Round "7"]
[Time "17:17:11"]
[PlyCount "48"]
[White "AmiotTimothee"]
[Black "SansoneAlessio"]
[WhiteElo "1240"]
[BlackElo "1075"]
[Mode "WEB"]
[Result "1-0"]

1. e4 e5 2. Nf3 Nf6 3. Nc3 Bb4 4. d3 d5 5. exd5 Nxd5 6. Bd2 Nxc3 7. Bxc3 Bxc3+
8. bxc3 O-O 9. g3 Qf6 10. Bg2 Bg4 11. O-O Nc6 12. h3 Bh5 13. Rb1 Rab8 14. d4
Bxf3 15. Bxf3 exd4 16. cxd4 Qxd4 17. Qxd4 Nxd4 18. Bxb7 Nxc2 19. Rfc1 Na3 20.
Rb3 Rfd8 21. Rxc7 Rd1+ 22. Kg2 Nb1 23. Bf3 Re1 24. Rxb8+ {SansoneAlessio a abandonné} 1-0

[Event "Tournament 14471 - Europe Echecs"]
[Site "Europe Echecs"]
[Date "2020.07.09"]
[Round "7"]
[Time "17:17:11"]
[PlyCount "69"]
[White "GandrilleLubin"]
[Black "SemenovTimour"]
[WhiteElo "1024"]
[BlackElo "1227"]
[Mode "WEB"]
[Result "0-1"]

1. e4 e6 2. Nf3 d5 3. exd5 exd5 4. Bb5+ c6 5. Ba4 Nf6 6. O-O Bf5 7. Nc3 Nbd7 8.
d3 Bc5 9. d4 Bb6 10. Bf4 Bc7 11. Re1+ Be6 12. Bxc7 Qxc7 13. Ng5 b5 14. Bb3 Qd6
15. a3 h6 16. Nxe6 fxe6 17. g3 O-O 18. Ba2 Rab8 19. b4 a5 20. Bb3 axb4 21. axb4
Qxb4 22. Ne2 Ne4 23. Nf4 g5 24. Nxe6 Nxf2 25. Qh5 Rf6 26. Nc7 Qxd4 27. Re8+ Rxe8
28. Qxe8+ Nf8 29. Qe1 Nd3+ 30. Kg2 Nxe1+ 31. Rxe1 Qf2+ 32. Kh3 Qxe1 33. Na8 h5
34. Nb6 Qf1# {GandrilleLubin est échec et mat} 0-1

[Event "Tournament 14471 - Europe Echecs"]
[Site "Europe Echecs"]
[Date "2020.07.09"]
[Round "7"]
[Time "17:17:11"]
[PlyCount "69"]
[White "PousVictor"]
[Black "BernadetDaniel"]
[WhiteElo "1167"]
[BlackElo "1003"]
[Mode "WEB"]
[Result "0-1"]

1. e4 e5 2. Nf3 Nc6 3. d4 exd4 4. Nxd4 Nf6 5. Nc3 Bb4 6. Nxc6 dxc6 7. Bd3 O-O 8.
O-O Be6 9. Bg5 h6 10. Bh4 Re8 11. e5 g5 12. exf6 gxh4 13. Qh5 Qxf6 14. Ne4 Qf4
15. g3 hxg3 16. hxg3 Bg4 17. gxf4 Bxh5 18. Nf6+ Kf8 19. Nxh5 Re6 20. c3 Bc5 21.
Rfe1 Rae8 22. Rxe6 Rxe6 23. f5 Rd6 24. Bc4 b5 25. Be2 Rd2 26. Bg4 Rxf2 27. b4
Rxa2+ 28. bxc5 Rxa1+ 29. Kf2 Rc1 30. f6 Rxc3 31. Bd7 Rxc5 32. Nf4 a5 33. Nd3 Rd5
34. Nb2 Rxd7 {PousVictor a abandonné} 0-1

[Event "Tournament 14471 - Europe Echecs"]
[Site "Europe Echecs"]
[Date "2020.07.09"]
[Round "7"]
[Time "17:17:11"]
[PlyCount "64"]
[White "PommereulEmma"]
[Black "TsirulnikovAlic"]
[WhiteElo "1161"]
[BlackElo "1010"]
[Mode "WEB"]
[Result "1-0"]

1. e4 e5 2. Nf3 Nc6 3. Bc4 Nf6 4. Ng5 d5 5. exd5 Na5 6. Bb5+ Bd7 7. Bxd7+ Qxd7
8. Nc3 O-O-O 9. O-O Nxd5 10. d3 Nxc3 11. bxc3 h6 12. Nf3 f6 13. Re1 Bc5 14. Bb2
Nc6 15. Qd2 Rhe8 16. Rad1 e4 17. dxe4 Qg4 18. Qe2 Rxd1 19. Rxd1 Qxe4 20. Qb5
Qxc2 21. Rf1 Bd6 22. c4 a6 23. Qb3 Re2 24. Qxc2 Rxc2 25. Bc1 Rxa2 26. Re1 Bb4
27. Rd1 Ra1 28. Rf1 Bc5 29. Nd2 Nd4 30. Bb2 Ne2+ 31. Kh1 Re1 32. Rxe1 {TsirulnikovAlic a perdu au temps} 1-0